[Event "Hessen-ch MVT"]
[Site "Offenbach"]
[Date "2005.04.01"]
[Round "6"]
[White "Blumenstein, Jan"]
[Black "Goeke, Bernd"]
[Result "1-0"]
[WhiteElo "2139"]
[BlackElo "2108"]
[PlyCount "65"]
[EventDate "2005.03.28"]
[EventType "swiss"]
[EventRounds "9"]
[EventCountry "GER"]
[SourceTitle "EXT 2006"]
[Source "ChessBase"]
[SourceDate "2005.11.24"]
[SourceVersion "1"]
[SourceVersionDate "2005.11.24"]
[SourceQuality "1"]

1. d4 d5 2. c4 e6 3. Nc3 Be7 4. cxd5 exd5 5. Bf4 c6 6. e3 Bf5 7. g4 Bg6 8. Nf3 Nd7 9. h4 h5 10. g5 Bb4 11. Ne5 Nxe5 12. Bxe5 Kf8 13. Qb3 Qb6 14. 0-0-0 Be7 15. Qxb6 axb6 16. e4 f6 17. gxf6 gxf6 18. Bc7 Rc8 19. Bxb6 dxe4 20. Bh3 f5 21. Rhg1 Bh7 22. Nxe4 Bxh4 23. Nd6 Ra8 24. Nxf5 Bxf5 25. Bxf5 Rxa2 26. Kb1 Ra8 27. d5 cxd5 28. Rxd5 Ne7 29. Rb5 Kf7 30. Be4 Rag8 31. Rxg8 Rxg8 32. Rxh5 Rg4 33. f3 1-0

[Event "Hessen-ch MVT"]
[Site "Offenbach"]
[Date "2005.03.29"]
[Round "2"]
[White "Goeke, Bernd"]
[Black "Raab, Peter"]
[Result "1/2-1/2"]
[WhiteElo "2108"]
[BlackElo "2166"]
[PlyCount "40"]
[EventDate "2005.03.28"]
[EventType "swiss"]
[EventRounds "9"]
[EventCountry "GER"]
[SourceTitle "EXT 2006"]
[Source "ChessBase"]
[SourceDate "2005.11.24"]
[SourceVersion "1"]
[SourceVersionDate "2005.11.24"]
[SourceQuality "1"]

1. d4 f5 2. c4 Nf6 3. Nc3 d6 4. g3 g6 5. Bg2 Bg7 6. Nh3 c6 7. d5 0-0 8. 0-0 e5 9. dxe6 Bxe6 10. Qd3 Na6 11. Ng5 Qe7 12. Nxe6 Qxe6 13. b3 Nc5 14. Qc2 Nce4 15. Bb2 Rad8 16. Nxe4 Nxe4 17. Bxg7 Kxg7 18. Rfd1 Qe5 19. Rac1 Rfe8 20. e3 Re7 1/2-1/2

[Event "Hessenliga 0405"]
[Site "Germany"]
[Date "2004.09.26"]
[Round "1.4"]
[White "Goeke, Bernd"]
[Black "Zunker, Reinhard"]
[Result "1/2-1/2"]
[WhiteElo "2076"]
[BlackElo "2253"]
[PlyCount "113"]
[EventDate "2004.09.26"]
[EventType "team"]
[EventRounds "9"]
[EventCountry "GER"]
[SourceTitle "EXT 2006"]
[Source "ChessBase"]
[SourceDate "2005.11.24"]
[SourceVersion "1"]
[SourceVersionDate "2005.11.24"]
[SourceQuality "1"]
[WhiteTeam "Bensheim"]
[BlackTeam "Hofheim II"]
[WhiteTeamCountry "GER"]
[BlackTeamCountry "GER"]

1. d4 Nf6 2. c4 g6 3. Nc3 Bg7 4. e4 d6 5. Be2 0-0 6. Nf3 e5 7. 0-0 Nc6 8. d5 Ne7 9. b4 a5 10. Ba3 Nd7 11. bxa5 Rxa5 12. Bb4 Ra8 13. a4 h6 14. Nd2 f5 15. a5 Kh8 16. f3 Rf7 17. Na4 Bf8 18. c5 dxc5 19. Nxc5 Nxc5 20. Bxc5 Nxd5 21. Bxf8 Nc3 22. Qe1 Rxf8 23. Nb3 Nxe2+ 24. Qxe2 Be6 25. Qb5 Bxb3 26. Qxb3 Qd4+ 27. Kh1 fxe4 28. Rfd1 Qc5 29. Rd5 Qe7 30. fxe4 c6 31. Rdd1 Kg7 32. Qb2 Rf7 33. g3 Raf8 34. Kg2 Qc5 35. Rd2 Kh7 36. Re2 Ra8 37. Qa2 Kg7 38. Qd2 Qd4 39. Qa2 Qd3 40. Qd2 Qf3+ 41. Kg1 b6 42. Re3 Qf6 43. Qe1 bxa5 44. Rea3 Qd8 45. Rxa5 Qd4+ 46. Kg2 Rxa5 47. Rxa5 Rb7 48. Ra2 Rb4 49. Ra7+ Qxa7 50. Qxb4 c5 51. Qc4 Qc7 52. h4 h5 53. Kh2 Qd6 54. Qb5 Qc7 55. Qc4 Kf8 56. Qe6 Kg7 57. Qc4 1/2-1/2